Statistics for Fruit Typing Challenge

Click here to take the quiz!

General Stats

  • This quiz has been taken 1,365 times
    (1,323 since last reset)
  • The average score is 22 of 28

Answer Stats

Hint Answer % Correct
Appleapple
100%
bananabanana
98%
Orangeorange
98%
grapegrape
97%
mangomango
97%
grapefruitgrapefruit
96%
dragon fruitdragon fruit
95%
kiwikiwi
94%
star fruitstar fruit
94%
passion fruitpassion fruit
94%
papayapapaya
92%
strawberrystrawberry
90%
blueberryblueberry
88%
blackberryblackberry
86%
plumplum
79%
pomegranatepomegranate
79%
pearpear
78%
apricotapricot
76%
peachpeach
74%
tomatotomato
72%
avocadoavocado
67%
lemonlemon
65%
limelime
63%
watermelonwatermelon
59%
raspberryraspberry
54%
cantaloupecantaloupe
47%
honey dewhoney dew
43%
horned melonhorned melon
36%

Score Distribution

Percentile by Number Answered

Percent of People with Each Score

Your Score History

You have not taken this quiz since the last reset